000 00363nam a2200145Ia 4500
008 210210b1957 xxu||||| |||| 00| 0 eng d
082 _a515.63 BRAV
100 _aBRAND (Louis).
245 _aVector analysis.
260 _aNY
_bJohn Wiley and Sons
_c1957
300 _axiii,282
650 _aVector analysis
690 _aMathematical Analysis
906 _a031511
999 _c82558
_d82558